Подробности
| 000 -МАРКЕР |
| контрольное поле |
02866nam0a2200445 4500 |
| 001 - ИДЕНТИФИКАТОР ЗАПИСИ |
| контрольное поле |
RU\NLR\bibl\413430 |
| 005 - ИДЕНТИФИКАТОР ВЕРСИИ |
| контрольное поле |
20250622171659.0 |
| 021 ## - НОМЕР ГОСУДАРСТВЕННОЙ РЕГИСТРАЦИИ |
| Код страны |
Российская Федерация |
| Номер |
2003-22495 |
| Номер Листа государственной регистраци |
1047 |
| 035 ## - ДРУГИЕ СИСТЕМНЫЕ НОМЕРА |
| Идентификатор записи |
(NLR Aleph) 000407472 |
| 100 ## - ДАННЫЕ ОБЩЕЙ ОБРАБОТКИ |
| Данные общей обработки |
20030616d2000 |||y0rusy50 ca |
| 101 0# - ЯЗЫК РЕСУРСА |
| Язык текста, звукозаписи и т.д. |
русский |
| 102 ## - СТРАНА ПУБЛИКАЦИИ ИЛИ ПРОИЗВОДСТВА |
| Страна публикации |
Российская Федерация |
| 105 ## - ПОЛЕ КОДИРОВАННЫХ ДАННЫХ: ТЕКСТОВЫЕ МАТЕРИАЛЫ, МОНОГРАФИЧЕСКИЕ |
| Кодированные данные о монографическом текстовом документе |
a ||||||||| |
| 200 1# - ЗАГЛАВИЕ И СВЕДЕНИЯ ОБ ОТВЕТСТВЕННОСТИ |
| Основное заглавие |
Проектирование и производство штампов и пресс-форм |
| Сведения, относящиеся к заглавию |
Учеб. пособие для студентов спец. 120100 "Технология машиностроения" |
| Первые сведения об ответственности |
В. Я. Дуганов, М. С. Чепчуров |
| Последующие сведения об ответственности |
М-во образования Рос. Федерации, Белгор. гос. технол. акад. строит. материалов |
| 210 ## - ПУБЛИКАЦИЯ, РАСПРОСТРАНЕНИЕ И ДР. |
| Место издания, распространения и т.д. |
Белгород |
| Имя издателя, распространителя и т. д. |
БелГТАСМ |
| Дата издания, распространения и т.д. |
2000 |
| 215 ## - ФИЗИЧЕСКАЯ ХАРАКТЕРИСТИКА |
| Специфическое обозначение материала и объем |
75 с. |
| Другие сведения о физической характеристике |
ил. |
| Размеры |
21 |
| 606 0# - НАИМЕНОВАНИЕ ТЕМЫ КАК ПРЕДМЕТ |
| Наименование темы |
Штампы |
| Формальный подзаголовок |
Руководства, пособия и т.п. для высшей школы |
| Тематический подзаголовок |
Проектирование |
| Системный номер авторитетной/нормативной записи |
2296784 |
| Идентификатор авторитетной/нормативной записи |
RU\NLR\auth\661375270 |
| 606 0# - НАИМЕНОВАНИЕ ТЕМЫ КАК ПРЕДМЕТ |
| Наименование темы |
Штампы |
| Формальный подзаголовок |
Учебные издания для высших учебных заведений |
| Тематический подзаголовок |
Проектирование |
| Системный номер авторитетной/нормативной записи |
2296784 |
| Идентификатор авторитетной/нормативной записи |
RU\NLR\auth\661375270 |
| 606 0# - НАИМЕНОВАНИЕ ТЕМЫ КАК ПРЕДМЕТ |
| Наименование темы |
Штампы |
| Формальный подзаголовок |
Руководства, пособия и т.п. для высшей школы |
| Тематический подзаголовок |
Производство |
| Системный номер авторитетной/нормативной записи |
1190617 |
| Идентификатор авторитетной/нормативной записи |
RU\NLR\auth\66480502 |
| 606 0# - НАИМЕНОВАНИЕ ТЕМЫ КАК ПРЕДМЕТ |
| Наименование темы |
Штампы |
| Формальный подзаголовок |
Учебные издания для высших учебных заведений |
| Тематический подзаголовок |
Производство |
| Системный номер авторитетной/нормативной записи |
1190617 |
| Идентификатор авторитетной/нормативной записи |
RU\NLR\auth\66480502 |
| 606 0# - НАИМЕНОВАНИЕ ТЕМЫ КАК ПРЕДМЕТ |
| Наименование темы |
Прессформы |
| Формальный подзаголовок |
Руководства, пособия и т.п. для высшей школы |
| Тематический подзаголовок |
Проектирование |
| Системный номер авторитетной/нормативной записи |
2296788 |
| Идентификатор авторитетной/нормативной записи |
RU\NLR\auth\661375272 |
| 606 0# - НАИМЕНОВАНИЕ ТЕМЫ КАК ПРЕДМЕТ |
| Наименование темы |
Прессформы |
| Формальный подзаголовок |
Учебные издания для высших учебных заведений |
| Тематический подзаголовок |
Проектирование |
| Системный номер авторитетной/нормативной записи |
2296788 |
| Идентификатор авторитетной/нормативной записи |
RU\NLR\auth\661375272 |
| 606 0# - НАИМЕНОВАНИЕ ТЕМЫ КАК ПРЕДМЕТ |
| Наименование темы |
Прессформы |
| Формальный подзаголовок |
Руководства, пособия и т.п. для высшей школы |
| Тематический подзаголовок |
Производство |
| Системный номер авторитетной/нормативной записи |
1039790 |
| Идентификатор авторитетной/нормативной записи |
RU\NLR\auth\66400217 |
| 606 0# - НАИМЕНОВАНИЕ ТЕМЫ КАК ПРЕДМЕТ |
| Наименование темы |
Прессформы |
| Формальный подзаголовок |
Учебные издания для высших учебных заведений |
| Тематический подзаголовок |
Производство |
| Системный номер авторитетной/нормативной записи |
1039790 |
| Идентификатор авторитетной/нормативной записи |
RU\NLR\auth\66400217 |
| 610 0# - НЕКОНТРОЛИРУЕМЫЕ ПРЕДМЕТНЫЕ ТЕРМИНЫ |
| Предметный термин |
Штампы - Производство |
| 610 0# - НЕКОНТРОЛИРУЕМЫЕ ПРЕДМЕТНЫЕ ТЕРМИНЫ |
| Предметный термин |
Пресс-формы - Производство |
| 675 ## - УНИВЕРСАЛЬНАЯ ДЕСЯТИЧНАЯ КЛАССИФИКАЦИЯ (UDC/УДК) |
| Индекс |
621.9.07(075.8) |
| Издание |
3 |
| Язык издания |
rus |
| 686 ## - ИНДЕКСЫ ДРУГИХ КЛАССИФИКАЦИЙ |
| Индекс |
55 |
| Код системы |
|
| 686 ## - ИНДЕКСЫ ДРУГИХ КЛАССИФИКАЦИЙ |
| Индекс |
34.623я73 |
| Код системы |
|
| 686 ## - ИНДЕКСЫ ДРУГИХ КЛАССИФИКАЦИЙ |
| Индекс |
К623.3-56-02я73-1 |
| 686 ## - ИНДЕКСЫ ДРУГИХ КЛАССИФИКАЦИЙ |
| Индекс |
К722.523.61я73-1 |
| 700 #1 - ИМЯ ЛИЦА - ПЕРВИЧНАЯ ОТВЕТСТВЕННОСТЬ |
| Начальный элемент ввода |
Дуганов |
| Часть имени, кроме начального элемента ввода |
В. Я. |
| Расширение инициалов личного имени |
Владимир Яковлевич |
| Код отношения |
Автор |
| 701 #1 - ИМЯ ЛИЦА - АЛЬТЕРНАТИВНАЯ ОТВЕТСТВЕННОСТЬ |
| Начальный элемент ввода |
Чепчуров |
| Часть имени, кроме начального элемента ввода |
М. С. |
| Расширение инициалов личного имени |
Михаил Сергеевич |
| Код отношения |
Автор |
| 801 #0 - ИСТОЧНИК ЗАПИСИ |
| Страна |
Российская Федерация |
| Организация |
RKP |
| Дата составления |
20030616 |
| Правила каталогизации |
PSBO |
| 801 #1 - ИСТОЧНИК ЗАПИСИ |
| Страна |
Российская Федерация |
| Организация |
RKP |
| Дата составления |
20030616 |
| 801 #2 - ИСТОЧНИК ЗАПИСИ |
| Страна |
Российская Федерация |
| Организация |
NLR |
| Дата составления |
20030731 |
| Правила каталогизации |
rcr |
| 942 ## - ДОПОЛНИТЕЛЬНЫЕ ЭЛЕМЕНТЫ ЗАПИСИ (АБИС) |
| Тип экземпляра АБИС |
Книга |
| 980 ## - КОЛЛЕКЦИЯ |
| Название коллекции |
Национальная библиография |